| Tag |
First Indicator |
Second Indicator |
Subfields |
| LEADER |
00000cgm a2200000Mi 4500 |
| 001 |
in00005516621 |
| 006 |
m o c |
| 007 |
vz |za||| |
| 007 |
cr |za|||||||| |
| 008 |
160217s2016 enk046 f o vleng d |
| 005 |
20241105203054.3 |
| 035 |
|
|
|a (OCoLC)on1017720061
|
| 040 |
|
|
|a SGPBL
|b eng
|e rda
|e pn
|c SGPBL
|d OCLCO
|d OCLCF
|d NRC
|d OCLCQ
|d OCLCO
|d OCLCA
|d OCLCO
|
| 020 |
|
|
|a 9781473955622
|q (streaming video)
|
| 020 |
|
|
|a 1473955629
|
| 035 |
|
|
|a (OCoLC)1017720061
|
| 041 |
0 |
|
|j eng
|
| 050 |
|
4 |
|a JZ6385
|
| 082 |
0 |
4 |
|a 327.16
|2 23
|
| 049 |
|
|
|a TXAM
|
| 245 |
0 |
0 |
|a International conflict.
|
| 264 |
|
1 |
|a London, United Kingdom :
|b SAGE Publications Ltd,
|c 2016.
|
| 300 |
|
|
|a 1 online resource (1 video file (46 min., 22 sec.)) :
|b sound, colour
|
| 336 |
|
|
|a two-dimensional moving image
|b tdi
|2 rdacontent
|
| 337 |
|
|
|a computer
|b c
|2 rdamedia
|
| 338 |
|
|
|a online resource
|b cr
|2 rdacarrier
|
| 490 |
1 |
|
|a SAGE video experts
|
| 511 |
0 |
|
|a Presenter, Sara McLaughlin Mitchell.
|
| 520 |
8 |
|
|a Professor Sara McLaughlin Mitchell defines international conflict and explains some of the factors that contribute to conflict. She describes her quantitative approach to the study of conflict, particularly focusing on geographic and environmental factors. Academic debates in the field include how nuclear weapons, alliances, and climate change affect conflict.
|
| 521 |
|
|
|a Specialized.
|
| 546 |
|
|
|a Closed-captions in English.
|
| 588 |
0 |
|
|a Online resource; title from home page (viewed on February 24, 2016).
|
| 650 |
|
0 |
|a War.
|
| 650 |
|
6 |
|a Guerre.
|
| 650 |
|
7 |
|a wars.
|2 aat
|
| 650 |
|
7 |
|a armed conflicts.
|2 aat
|
| 650 |
|
7 |
|a War.
|2 fast
|0 (OCoLC)fst01170328
|
| 655 |
|
7 |
|a Internet videos.
|2 fast
|0 (OCoLC)fst01750214
|
| 655 |
|
7 |
|a Nonfiction television programs.
|2 fast
|0 (OCoLC)fst01710270
|
| 655 |
|
7 |
|a Nonfiction television programs.
|2 lcgft
|
| 655 |
|
7 |
|a Internet videos.
|2 lcgft
|
| 655 |
|
7 |
|a Émissions télévisées autres que de fiction.
|2 rvmgf
|
| 655 |
|
7 |
|a Vidéos sur Internet.
|2 rvmgf
|
| 700 |
1 |
|
|a Mitchell, Sara McLaughlin,
|e on-screen presenter.
|
| 830 |
|
0 |
|a SAGE video experts.
|
| 856 |
4 |
0 |
|u http://proxy.library.tamu.edu/login?url=https://sk.sagepub.com/video/international-conflict-mitchell
|z Connect to the full streaming video
|t 0
|
| 955 |
|
|
|a SAGE Video Politics and Interational Relations
|
| 994 |
|
|
|a 92
|b TXA
|
| 999 |
f |
f |
|s 05e0d49d-932f-4d59-9d9a-e7c529f70549
|i e32c470d-ea63-4048-b316-f2a4d4521f6a
|t 0
|
| 952 |
f |
f |
|a Texas A&M University
|b College Station
|c Electronic Resources
|d Available Online
|t 0
|e JZ6385
|h Library of Congress classification
|
| 998 |
f |
f |
|a JZ6385
|t 0
|l Available Online
|